Animals with strongest bite force in the world - Statistics

General Stats
  • This quiz has been taken 160 times
    159 since last reset
  • The average score is 5 of 11
Answer Stats
No psi(pounds per square inch) Animal % Correct
6 1350 psi Bull Shark
74%
4 1825 psi Hippopotamus
73%
10 1100 psi Hyena
55%
5 1500 psi Jaguar
52%
8 1200 psi Polar Bear
49%
2 3690 psi Saltwater Crocodile
44%
9 1160 psi Grizzly Bear
37%
3 2125 psi American Alligator
36%
1 5000 psi Nile Crocodile
36%
7 1300 psi Gorilla
32%
Human bite force = 162 psi 1
2%
No matching quizzes found
Score Distribution
Percent of People with Each Score
Percentile by Number Answered
Your Score History
You have not taken this quiz since the last reset